| 000 | 01403cam a22003857a 4500 | ||
|---|---|---|---|
| 003 | CHAP | ||
| 005 | 20220329142347.0 | ||
| 008 | 000927d2000 es a r 00110 esp d | ||
| 010 | _a82372 | ||
| 011 | _a83344 | ||
| 020 | _a9688567353 | ||
| 035 | _a93856 | ||
| 040 | _cCHAP | ||
| 082 | 0 | 4 |
_a338.763 _bB8 |
| 100 | 0 | 0 |
_aBustamante Alvarez, Tomás. _916364 |
| 245 | 1 | 0 |
_aReproducción campesina, migración y agroindustria en tierra caliente, Guerrero _c/porTomás Bustamante Alvarez, Arturo León López y Beatriz Terrazas Mata |
| 260 |
_aMéxico, D.F. : _bPlaza y Valdés, _c2000. |
||
| 300 |
_a247 p. : _bilus. |
||
| 590 |
_aBATCH-UPD _b10 _c20130110 _lUCH01 _h0323 |
||
| 590 |
_aBATCH-UPD _b10 _c20130110 _lUCH01 _h1835 |
||
| 590 |
_aBATCH-UPD _b10 _c20130409 _lUCH01 _h2356 |
||
| 590 |
_aBATCH-UPD _b10 _c20130914 _lUCH01 _h0758 |
||
| 590 |
_aCONVERSION _b10 _c20130109 _lUCH01 _h1346 |
||
| 650 | 1 | 4 |
_aCampesinado _xGuerrero. _918017 |
| 650 | 1 | 4 |
_aEmigración e inmigración. _936517 |
| 650 | 1 | 4 |
_aIndustrias agrícolas _xGuerrero. _957950 |
| 650 | 1 | 4 |
_aReforma agraria _xGuerrero. _995550 |
| 650 | 1 | 4 |
_aTrabajadores migratorios _zGuerrero. _9114479 |
| 700 | 0 |
_aLeón López, Arturo. _966144 |
|
| 700 | 0 |
_aTerrazas Mata, Beatriz. _9112406 |
|
| 901 | _aBK | ||
| 905 | _aPatricia Mendoza P. | ||
| 942 | _cLIBRO | ||
| 949 |
_a338.763 B8 _bBC _cLIBRO _d33724000792032 _eLIBRO _g206457 _h98663 _i93856 _si _t$124.00 |
||
| 999 |
_c82372 _d82372 |
||